প্রসঙ্গ : (Record no. 84945)
[ view plain ]
| 000 -LEADER | |
|---|---|
| fixed length control field | 00728nam a2200205 a 4500 |
| 001 - CONTROL NUMBER | |
| control field | 84945 |
| 003 - CONTROL NUMBER IDENTIFIER | |
| rucl marc code | BD-RjUL |
| 005 - DATE AND TIME OF LATEST TRANSACTION | |
| control field | 20250519110128.0 |
| 008 - FIXED-LENGTH DATA ELEMENTS--GENERAL INFORMATION | |
| fixed length control field | 250519s1991 ii ||||| |||| 00| 0 ben d |
| 035 ## - SYSTEM CONTROL NUMBER | |
| System control number | (BD-RjUL)84945 |
| 040 ## - CATALOGING SOURCE | |
| Original cataloging agency | BD-RjUL |
| Language of cataloging | eng |
| Transcribing agency | BD-RjUL |
| 041 ## - LANGUAGE CODE | |
| Language code of text/sound track or separate title | ben |
| 082 ## - DEWEY DECIMAL CLASSIFICATION NUMBER | |
| Edition number | 23 |
| Classification number | 891.44309 |
| Author mark and year | SAP 1991 |
| 100 ## - MAIN ENTRY--PERSONAL NAME | |
| Personal name | স্যানাল, অরুণ |
| 9 (RLIN) | 15516 |
| 245 ## - TITLE STATEMENT | |
| Title | প্রসঙ্গ : |
| Remainder of title | বাংলা উপন্যাস / |
| Statement of responsibility, etc. | অরুণ স্যানাল |
| 300 ## - PHYSICAL DESCRIPTION | |
| Pagination | ৯৬৫ পৃ.; |
| Size | ২১ সেমি. |
| 650 ## - SUBJECT ADDED ENTRY--TOPICAL TERM | |
| Topical term or geographic name as entry element | বাংলা উপন্যাস |
| General subdivision | ইতিহাস ও সমালোচনা |
| Topical term or geographic name as entry element | Bengali Novels |
| General subdivision | History and Criticism |
| 9 (RLIN) | 2100 |
| 942 ## - ADDED ENTRY ELEMENTS (KOHA) | |
| Source of classification or shelving scheme | Dewey Decimal Classification |
| Koha item type | Books |
| Lost status | Source of classification or shelving scheme | Damaged status | Not for loan | Collection code | Permanent Location | Current Location | Shelving location | Date acquired | Source of acquisition | Cost, normal purchase price | Total Checkouts | Full call number | Date last seen | Copy number | Koha item type |
|---|---|---|---|---|---|---|---|---|---|---|---|---|---|---|---|
| Dewey Decimal Classification | Not For Loan | Fiction | Central Library, University of Rajshahi | Central Library, University of Rajshahi | Reading Room | 29/12/1996 | Ankur prokasoni | 175.00 | B 891.44309 SAP 1991 | 19/05/2025 | C-1 | Books |